| 000 | 01678nam a2200361 i 4500 | ||
|---|---|---|---|
| 001 | bg | ||
| 003 | BPK | ||
| 005 | 20201215085258.0 | ||
| 008 | 961010s1996 pl |000 0 pol | ||
| 020 | _a8386467266 | ||
| 040 | _cBPK | ||
| 041 | 1 |
_apol _heng |
|
| 080 | _a58/59 | ||
| 080 | _a502.17 | ||
| 080 | _a341.24 | ||
| 080 | _a349.6 | ||
| 080 | _a339.5 | ||
| 080 | _a(083.8) | ||
| 245 | 0 |
_aKonwencja o międzynarodowym handlu dzikimi zwierzętami i roślinami gatunków zagrożonych wyginięciem / _cpod red. Stanisława Wajdy i Janusza Żurka ; Instytut Ochrony Środowiska. |
|
| 260 |
_aWarszawa : _bIOŚ, _c[1995?]. |
||
| 300 |
_a66 s. ; _c24 cm. |
||
| 490 | 1 |
_aKonwencje Międzynarodowe i Uchwały Organizacji Międzynarodowych ; _vz.13 |
|
| 500 | _aJednolity tekst konwencji sporządzony przez wydawcę na podstawie oficjalnego przekładu polskiego (Załącznik do Dz.U. nr 27, poz.112 z 4 kwietnia 1991 r.) i poprawionych załączników przyjętych przez Konferencję Stron według stanu na 16 lutego 1995 r. W załącznikach 1-3 zamieszczono łac. nazwy gatunków zwierząt i roślin. | ||
| 650 | 4 |
_aRośliny chronione _xhandel _xprawo. |
|
| 650 | 4 |
_aZwierzęta chronione _xhandel _xprawo. |
|
| 650 | 4 |
_aUmowy międzynarodowe _yod 1945 r. |
|
| 650 | 4 | _aPrawo ochrony środowiska międzynarodowe | |
| 700 | 1 |
_aŻurek, Janusz _eRedakcja |
|
| 700 | 1 |
_aWajda, Stanisław _c(prawo) _eRedakcja |
|
| 830 |
_aKonwencje Międzynarodowe i Uchwały Organizacji Międzynarodowych ; _vz. 13 |
||
| 856 |
_uhttp://koha.tu.koszalin.pl/cgi-bin/koha/opac-detail.pl?biblionumber=31221 _yKatalog online BPK |
||
| 942 |
_cKS _2UKD |
||
| 999 |
_c31221 _d31221 |
||